Jednoduché kolchozní účetnictví

Salvato in:
Dettagli Bibliografici
Natura: Libro
Lingua:ceco
Pubblicazione: Praha Brázda 1951
Tags: Aggiungi Tag
Nessun Tag, puoi essere il primo ad aggiungerne!!

MARC

LEADER 00000nam a2200000 4500
001 0313646
005 20251216113314.3
041 0 |a cze 
044 |a CZ 
245 1 0 |a Jednoduché kolchozní účetnictví 
264 1 |a Praha  |b Brázda  |c 1951